| 000 | 00903cam a2200301 a 4500 | ||
|---|---|---|---|
| 001 | 000014249 | ||
| 003 | UkOxU | ||
| 005 | 20250707112615.0 | ||
| 008 | 820512s1982 xxua 000 0 eng | ||
| 010 | _a81070520 | ||
| 020 | _a0256027013 (pbk.) | ||
| 035 | _a(DLC)81070520 | ||
| 035 | _a(UkLCURL)9881070520 | ||
| 082 |
_a330 _bL495e |
||
| 100 | 1 |
_aLeftwich, Richard H. _932174 |
|
| 245 | 1 | 0 |
_aEconomics of social issues / _cRichard H. Leftwich, Ansel M. Sharp. |
| 250 | _a6a ed. | ||
| 260 | 0 |
_aTexas : _bBusiness Publications ;, _c1982. |
|
| 300 |
_axi, 429 p. : _bil. ; _c23 cm. |
||
| 504 | _aIncluye referencias bibliográficas al pie de página. | ||
| 504 | _aIncluye índice | ||
| 650 | 0 |
_aEconomia _985383 |
|
| 650 | 4 |
_aEconomía social de mercado. _916079 |
|
| 700 | 1 |
_aSharp, Ansel Miree, _d1924- _932175 |
|
| 910 | _aCatalogación derivada | ||
| 049 | _aBNGR | ||
| 999 |
_c13847 _d13847 |
||
| 040 | _aDO-SdBNP | ||